| 000 | 00346pam a2200145 a 4500 | ||
|---|---|---|---|
| 020 | _c | ||
| 041 | _h | ||
| 082 |
_a920 _bHAM |
||
| 100 | _aCarl Hamilton. | ||
| 245 |
_aAbsolut Bigraphy of a Bottle _b Absolut Bigraphy of a Bottle _hTextual Documents |
||
| 250 | _a 2000. | ||
| 260 |
_a[s.l]: _bTexere |
||
| 300 |
_a312: _bpaper. |
||
| 930 | _a1487 | ||
| 999 |
_c235277 _d235277 |
||